000 00717nam a2200181Ia 4500
008 151018s9999 xx 000 0 und d
082 _bRBASDV25355
_a920
100 _aरवींद्र भावसागर
245 _aसामाजिक क्रांतीचा अग्रदूत
250 _b1
260 _bअनुराधा प्रकाशन
_c1992
300 _a115
600 _aरवींद्र भावसागर
630 _aसामाजिक क्रांतीचा अग्रदूत
700 _aरवींद्र भावसागर
730 _aसामाजिक क्रांतीचा अग्रदूत
942 _cBOOK
999 _c1024973
_d1024970